Künstlername zum Bürgerlichen Namen - Statistiken

Allgemein
  • Dieses Quiz wurde 125 mal gespielt
  • Das Durchschnittsergebnis liegt bei 5 aus 22
Antwortstatistiken
Bürgerlich Künstlername % Korrekt
Stefani Joanne Angelina Germanotta Lady Gaga
63%
Jürgen Udo Bockelmann Udo Jürgens
61%
John Michael Osbourne Ozzy Osbourne
51%
Anis Mohamed Youssef Ferchichi Bushido
44%
Rudolf Wijbrand Kesselaar Rudi Carrell
33%
Edson Arantes do Nascimento Pelé
32%
Michaela Schaffrath Gina Wild
29%
Andreas Joachim Wolfgang Konrad Frege Campino
28%
Nicholas Kim Coppola Nicolas Cage
28%
Dirk Felsenheimer Bela B
24%
Klaus Günter Karl Nakszyński Klaus Kinski
22%
Nina Katrin Kaiser Nina Chuba
22%
Augustine Azuka Okocha Jay-Jay Okocha
18%
Shawn Carter Jay-Z
16%
Katheryn Elizabeth Brand Katy Perry
15%
Christina Klein LaFee
13%
William Jefferson Blythe III. Bill Clinton
12%
Abel Makkonen Tesfaye The Weeknd
12%
Franz Hubert Wolfgang Remling Wolfgang Petry
8%
William James Adams Jr. Will.i.am
7%
Charlotte Aitchison Charli XCX
6%
James Newell Osterberg Iggy Pop
4%
Keine übereinstimmenden Quizze gefunden
Verteilung der Resultate
Anzahl Personen mit jedem Resultat
Perzentil nach korrekt beantworteten Fragen
Ihre Resultats-Entwicklung
Sie haben dieses Quiz noch nicht gespielt